000 00497cam a22001931 4500
001 1223849
005 20180316043752.0
008 711228s1965 nyua 000 0 eng
010 _a 64019244
040 _aDLC
_cDLC
_dDLC
_dICU
041 _aeng
080 _a530 STE
082 0 0 _a530 STE
100 1 _a43
101 _aFIZ
245 1 0 _aPerpetual motion; electrons and atoms in crystals,
_cby Alec T. Stewart.
906 _a7
_bcbc
_corignew
_du
_eocip
_f19
_gy-gencatlg
942 _2ddc
_cBK
999 _c45206
_d45206